000 00753nam a22001577a 4500
003 OSt
005 20160223101654.0
008 160223b xxu||||| |||| 00| 0 eng d
040 _cRUA
082 _aMNR KHO 2013 B425 Or.1
100 _97399
_aKHOV VENGSONG ; ខូវ វេងសុង
245 _aStudy of flooded forest at tonle sap great lake in siemreap , kampong thom, pursat and bonteay meanchey province , សិក្សាពីព្រៃលិចទឹក នៅបឹងទន្លេសាបក្នុងខេត្តសៀមរាប កំពង់ធំ ពោធិ៍សាត់ និងបន្ទាយមានជ័យ
260 _aPhnom Penh
_bRUA
_c2013
300 _axii ; 58p.
_bill.
_c29cm.
942 _2ddc
_cMNR
999 _c6982
_d6982